|
|
|
|
| LEADER |
00000cam a22000004a 4500 |
| 001 |
musev2_6098 |
| 003 |
MdBmJHUP |
| 005 |
20230905040722.0 |
| 006 |
m o d |
| 007 |
cr||||||||nn|n |
| 008 |
080821s2009 nju o 00 0 eng d |
| 010 |
|
|
|z 2008036420
|
| 020 |
|
|
|a 9780813547138
|
| 020 |
|
|
|z 0813545390
|
| 020 |
|
|
|z 9780813545394
|
| 020 |
|
|
|z 081354713X
|
| 035 |
|
|
|a (OCoLC)647759049
|
| 040 |
|
|
|a MdBmJHUP
|c MdBmJHUP
|
| 043 |
|
|
|a s-bo---
|
| 050 |
0 |
4 |
|a F3320.1.G6
|b S35 2009
|
| 082 |
0 |
|
|a 302.23/4308998084
|2 22
|
| 100 |
1 |
|
|a Schiwy, Freya.
|
| 245 |
1 |
0 |
|a Indianizing Film :
|b Decolonization, the Andes, and the Question of Technology /
|c Freya Schiwy.
|
| 264 |
|
1 |
|a New Brunswick, N.J. :
|b Rutgers University Press,
|c 2009.
|
| 264 |
|
3 |
|a Baltimore, Md. :
|b Project MUSE,
|c 2012
|
| 264 |
|
4 |
|c ©2009.
|
| 300 |
|
|
|a 1 online resource (296 pages):
|b ill. ;
|
| 336 |
|
|
|a text
|b txt
|2 rdacontent
|
| 337 |
|
|
|a computer
|b c
|2 rdamedia
|
| 338 |
|
|
|a online resource
|b cr
|2 rdacarrier
|
| 490 |
0 |
|
|a New directions in international studies
|
| 504 |
|
|
|a Includes filmography: p. [267]-271.
|
| 504 |
|
|
|a Includes bibliographical references (p. [249]-266) and index.
|
| 588 |
|
|
|a Description based on print version record.
|
| 650 |
|
0 |
|a Indian activists
|z Bolivia.
|
| 650 |
|
0 |
|a Indians in mass media.
|
| 650 |
|
0 |
|a Mass media
|x Political aspects
|z Bolivia.
|
| 650 |
|
0 |
|a Video recording in ethnology
|z Bolivia.
|
| 650 |
|
0 |
|a Indians of South America
|z Bolivia
|x Government relations.
|
| 655 |
|
7 |
|a Electronic books.
|2 local
|
| 710 |
2 |
|
|a Project Muse.
|e distributor
|
| 830 |
|
0 |
|a New directions in international studies.
|
| 830 |
|
0 |
|a Book collections on Project MUSE.
|
| 856 |
4 |
0 |
|z Texto completo
|u https://projectmuse.uam.elogim.com/book/6098/
|
| 945 |
|
|
|a Project MUSE - Custom Collection
|
| 945 |
|
|
|a Project MUSE - Archive Complete Foundation
|
| 945 |
|
|
|a Project MUSE - Archive History Foundation
|
| 945 |
|
|
|a Project MUSE - Archive Native American and Indigenous Studies Foundation
|